Developments in fracture mechanics-1 (Record no. 10127)

000 -LEADER
fixed length control field 00551nam a22002177a 4500
001 - CONTROL NUMBER
control field 10127
003 - CONTROL NUMBER IDENTIFIER
control field BD-DhUET
008 - FIXED-LENGTH DATA ELEMENTS--GENERAL INFORMATION
fixed length control field 150204b xxu||||| |||| 00| 0 eng d
020 ## - INTERNATIONAL STANDARD BOOK NUMBER
International Standard Book Number 0853348588
040 ## - CATALOGING SOURCE
Transcribing agency 0
Modifying agency BD-DhUET
082 ## - DEWEY DECIMAL CLASSIFICATION NUMBER
Classification number 620.1129
Item number CHE/1981
100 ## - MAIN ENTRY--PERSONAL NAME
Personal name Chell, G. G.
245 ## - TITLE STATEMENT
Title Developments in fracture mechanics-1
250 ## - EDITION STATEMENT
Edition statement 1st. ed.
260 ## - PUBLICATION, DISTRIBUTION, ETC. (IMPRINT)
Place of publication, distribution, etc. London
Name of publisher, distributor, etc. Applied Science publisher
Date of publication, distribution, etc. 1981
300 ## - PHYSICAL DESCRIPTION
Extent x, 309 p.
Other physical details ill.
490 ## - SERIES STATEMENT
Series statement Developments series
500 ## - GENERAL NOTE
General note vol.1
504 ## - BIBLIOGRAPHY, ETC. NOTE
Bibliography, etc Includes bibliographies
942 ## - ADDED ENTRY ELEMENTS (KOHA)
Koha item type General Book
Holdings
Koha normalized classification for sorting Location (home branch) Date acquired Withdrawn status Source of classification or shelving scheme Koha date last seen Koha item type Damaged status Copy number Sublocation or collection (holding branch) Shelving location Lost status Price effective from Not for loan Koha full call number Piece designation (barcode)
620_112900000000000_CHE_1981Central Library, BUET2015-02-04  2015-02-04General Book 1Central Library, BUETCirculation section 2015-02-04 620.1129/CHE/198156534